[Event "PRO League Group Stage"]
[Site "masterchessopen.com chess.com INT"]
[Date "2017.02.22"]
[Round "7"]
[White "Bakre,T"]
[Black "Kozak,Adam"]
[Result "1-0"]
[WhiteElo "2457"]
[BlackElo "2338"]

1.e4 e5 2.Nf3 Nc6 3.Bc4 Bc5 4.c3 Nf6 5.d3 a6 6.O-O Ba7 7.Bb3 O-O 8.Re1 Ng4
9.Re2 d6 10.h3 Nf6 11.Nbd2 Nh5 12.Nf1 Kh8 13.d4 Qf6 14.N1h2 exd4 15.cxd4 Nxd4
16.Nxd4 Qxd4 17.Rd2 Qc5 18.Rc2 Qe5 19.Rxc7 Bxh3 20.Qf3 Be6 21.Rxb7 Nf6 22.Bxe6
Qxe6 23.Be3 Bxe3 24.Qxe3 Nxe4 25.Nf3 Rab8 26.Rxb8 Rxb8 27.Nd4 Qg6 28.Re1 d5
29.f3 Rxb2 30.Ne2 Qg5 31.Nf4 {#r} 1-0

[Event "PRO League Group Stage"]
[Site "masterchessopen.com chess.com INT"]
[Date "2017.02.22"]
[Round "7"]
[White "Balabaev,T"]
[Black "De Abreu,Roberto N"]
[Result "1-0"]
[WhiteElo "2393"]
[BlackElo "2110"]

1.e4 e6 2.d4 d5 3.Nc3 Bb4 4.e5 c5 5.a3 Bxc3+ 6.bxc3 Qc7 7.Nf3 b6 8.Bb5+ Bd7
9.Bd3 c4 10.Be2 Ba4 11.h4 Ne7 12.h5 h6 13.Nh4 Kd7 14.f4 Qd8 15.f5 Nxf5 16.Nxf5
exf5 17.O-O g6 18.Be3 Qh4 19.Qd2 Nc6 20.Bf3 Ne7 21.Bxh6 Bxc2 22.Bg5 Qg3
23.Bxe7 Bd3 24.Bg5 Bxf1 25.Rxf1 gxh5 26.Bxd5 Rag8 27.Bf6 Rh7 28.Qe2 h4 29.Qxc4
Qe3+ 30.Kh1 {#r} 1-0

[Event "PRO League Group Stage"]
[Site "masterchessopen.com chess.com INT"]
[Date "2017.02.22"]
[Round "7"]
[White "Hilby,Craig"]
[Black "Li,Ruifeng"]
[Result "0-1"]
[WhiteElo "2334"]
[BlackElo "2564"]

1.e4 c5 2.Nf3 d6 3.d4 cxd4 4.Nxd4 Nf6 5.Nc3 a6 6.Be3 e6 7.g4 h6 8.Bg2 Be7 9.f4
Nfd7 10.Qf3 Nc6 11.O-O-O g5 12.h4 gxf4 13.Nxc6 bxc6 14.Bxf4 Qc7 15.Rhf1 Rh7
16.g5 hxg5 17.hxg5 e5 18.Be3 Nf8 19.Rh1 Rxh1 20.Rxh1 Be6 21.Rh8 O-O-O 22.Na4
Nd7 23.Rh7 d5 24.Bh3 Bxh3 25.Qxh3 Qa5 26.b3 Qe1+ 27.Kb2 d4 28.Bc1 Ba3+ 29.Kxa3
Qxc1+ 30.Kb4 Qxc2 31.Rxf7 Kc7 32.Qe6 Rb8+ 33.Ka3 Qc1+ 34.Nb2 Qc5+ {#R} 0-1

[Event "PRO League Group Stage"]
[Site "masterchessopen.com chess.com INT"]
[Date "2017.02.22"]
[Round "7"]
[White "Moran,S"]
[Black "Ajibola,Olanrewaju"]
[Result "1-0"]
[WhiteElo "2158"]
[BlackElo "2192"]

1.d4 d5 2.c4 e6 3.Nc3 c6 4.Nf3 dxc4 5.a4 Bb4 6.e3 b5 7.Rb1 Nf6 8.Be2 Bb7 9.O-O
a6 10.Ne5 Nbd7 11.Bf3 Bxc3 12.bxc3 Nxe5 13.dxe5 Qxd1 14.Rxd1 Nd7 15.Ba3 Nxe5
16.Be2 Rd8 17.Rxd8+ Kxd8 18.f4 Nd7 19.Bxc4 Kc8 20.Be2 Nb6 21.axb5 cxb5 22.g3
Bd5 23.Bc5 Nd7 24.Bb4 Kb7 25.c4 Bxc4 26.Bxc4 bxc4 27.Bc3+ Kc6 28.Bxg7 Rb8
29.Rxb8 Nxb8 30.h4 h5 31.g4 hxg4 32.h5 Kd5 33.h6 Ke4 34.h7 Kxe3 35.h8=Q Nc6
36.Be5 f5 37.Qc8 Nxe5 38.fxe5 Kd3 39.Qd7+ Ke4 40.Qxe6 c3 41.Qc4+ Kxe5 42.Qxc3+
Ke4 43.Qc4+ Ke3 44.Qxa6 f4 45.Qe6+ Kd4 46.Qxg4 {#r} 1-0

[Event "PRO League Group Stage"]
[Site "masterchessopen.com chess.com INT"]
[Date "2017.02.22"]
[Round "7"]
[White "Heimann,Al"]
[Black "Nagle,S"]
[Result "0-1"]
[WhiteElo "2271"]
[BlackElo "2423"]

1.Nf3 Nf6 2.c4 g6 3.b4 Bg7 4.Bb2 O-O 5.g3 c6 6.Bg2 d5 7.cxd5 cxd5 8.O-O a5
9.b5 a4 10.Bd4 Qa5 11.Nc3 Nbd7 12.Rb1 Re8 13.Ne5 Nxe5 14.Bxe5 e6 15.e3 Bd7
16.Qe2 Rec8 17.Rfc1 Ne8 18.Bxg7 Kxg7 19.Qd3 Qb6 20.Rb4 Nd6 21.Rcb1 a3 22.h4
Be8 23.R1b3 Rc4 24.Qb1 Qc5 25.Bf1 Rxb4 26.Rxb4 b6 27.Na4 Qc7 28.Qa1+ Kg8
29.Qd4 Ra5 30.Nc3 Qc5 31.Qf4 Bxb5 32.Bxb5 Nxb5 33.Qb8+ Kg7 34.Qe5+ f6 35.Qxe6
Qxb4 36.Nxd5 Qd6 37.Qe4 Nc7 38.Nf4 Re5 39.Qc4 Qc5 40.Qa4 Qc1+ 41.Kg2 Qxd2
42.Qxa3 Nd5 43.Kf3 Qd1+ 44.Kg2 Nxf4+ 45.exf4 Qd5+ 46.Kh2 Re2 47.Qa7+ Qf7
48.Qxb6 Rxa2 49.Qe3 Qa7 {#R} 0-1

[Event "PRO League Group Stage"]
[Site "masterchessopen.com chess.com INT"]
[Date "2017.02.22"]
[Round "7"]
[White "Taghizadeh,Rayan"]
[Black "Talyansky,Seth D"]
[Result "1-0"]
[WhiteElo "2317"]
[BlackElo "2176"]

1.e4 e5 2.Nf3 Nc6 3.Bc4 Bc5 4.O-O Nf6 5.Re1 d6 6.c3 Bg4 7.d3 Qe7 8.Nbd2 Be6
9.Bxe6 fxe6 10.b4 Bb6 11.Nc4 O-O 12.a4 Ng4 13.Rf1 a6 14.Nxb6 cxb6 15.h3 Nf6
16.Be3 b5 17.axb5 axb5 18.Nd2 Ra6 19.Nb3 Rfa8 20.Rxa6 bxa6 21.f4 exf4 22.Bxf4
a5 23.bxa5 Nxa5 24.Nd4 Qd7 25.Bg5 Rf8 26.Bxf6 Rxf6 27.Rxf6 gxf6 28.Qg4+ Kf7
29.Qh5+ Kg7 30.Nxb5 Nb3 31.c4 Nc5 32.Qg4+ Kf7 33.d4 Na4 34.Qg3 d5 35.Nd6+ Kf8
36.Qf4 dxe4 37.Qxf6+ Kg8 38.Nxe4 Nb2 39.Qe5 Qf7 40.Qb8+ {#r} 1-0

[Event "PRO League Group Stage"]
[Site "masterchessopen.com chess.com INT"]
[Date "2017.02.22"]
[Round "7"]
[White "Tarjan,J"]
[Black "Taghizadeh,Rayan"]
[Result "0-1"]
[WhiteElo "2406"]
[BlackElo "2317"]

1.c4 e5 2.g3 Nc6 3.Bg2 g6 4.Nc3 Bg7 5.e4 h5 6.h4 d6 7.Nge2 Be6 8.d3 Qd7 9.Nd5
Nce7 10.b3 c6 11.Nxe7 Nxe7 12.d4 exd4 13.Nxd4 c5 14.Nc2 Nc6 15.Bg5 O-O 16.O-O
Rae8 17.Rc1 Bh3 18.Re1 Bxg2 19.Kxg2 f5 20.Qd5+ Kh7 21.Rcd1 Nd4 22.Nxd4 Bxd4
23.Bf4 fxe4 24.Rxe4 Rf5 25.Rexd4 cxd4 26.Qxd4 Qc6+ 27.Kg1 Ref8 28.Qxd6 Qf3
29.Qc7+ R8f7 30.Rd7 Rxf4 {#R} 0-1

[Event "PRO League Group Stage"]
[Site "masterchessopen.com chess.com INT"]
[Date "2017.02.22"]
[Round "7"]
[White "Titus,Andrew L"]
[Black "Song,Edward"]
[Result "0-1"]
[WhiteElo "2161"]
[BlackElo "2299"]

1.e4 e5 2.Nf3 Nc6 3.Bb5 a6 4.Ba4 Nf6 5.O-O Be7 6.Bxc6 dxc6 7.Qe1 Nd7 8.b3 c5
9.Bb2 Bd6 10.d3 O-O 11.Nbd2 b5 12.c3 Re8 13.d4 exd4 14.cxd4 cxd4 15.Nxd4 Nc5
16.Qe3 Bb7 17.f3 Qh4 18.g3 Bxg3 19.hxg3 Qxg3+ 20.Kh1 Qh3+ 21.Kg1 Qg3+ 22.Kh1
Nxe4 23.Nxe4 Rxe4 24.Qxe4 Qh3+ 25.Kg1 Qg3+ 26.Kh1 Bxe4 27.fxe4 Qh3+ 28.Kg1
Qg3+ 29.Kh1 Rd8 30.Nf3 Qh3+ 31.Kg1 Qg3+ 32.Kh1 Rd6 33.Bc1 Rg6 34.Bg5 h6 {#R}
0-1

[Event "PRO League Group Stage"]
[Site "masterchessopen.com chess.com INT"]
[Date "2017.02.22"]
[Round "7"]
[White "Rendle,T"]
[Black "Zwirs,Nico"]
[Result "0-1"]
[WhiteElo "2356"]
[BlackElo "2395"]

1.e4 c5 2.Nc3 a6 3.f4 b5 4.g3 Bb7 5.Bg2 e6 6.d3 b4 7.Nb1 d5 8.Nd2 Nf6 9.e5
Nfd7 10.Ne2 Nc6 11.O-O g6 12.c4 bxc3 13.bxc3 Be7 14.Nf3 Rb8 15.Be3 O-O 16.Qe1
a5 17.g4 Ba6 18.Qd2 a4 19.Rab1 Qc7 20.Qc2 Qa5 21.Bd2 a3 22.Rxb8 Rxb8 23.Rb1
Rb2 24.Rxb2 axb2 25.Qxb2 Bxd3 26.Nc1 Ba6 27.f5 Qa4 28.h3 Qd1+ 29.Kh2 Ncxe5
30.Nxe5 Bd6 31.Bf4 Nxe5 32.Bg3 Nc4 33.Qb1 Bxg3+ 34.Kxg3 Qe1+ 35.Kh2 Qe5+
36.Kh1 Ne3 37.fxe6 Qxe6 38.Nb3 Nxg2 39.Kxg2 Qe2+ 40.Kg1 Qe3+ 41.Kg2 Bd3 42.Qg1
Be4+ 43.Kh2 Qe2+ 44.Kg3 c4 45.Nd4 Qd3+ 46.Kh4 Qxc3 47.Qf2 h6 {#R} 0-1

[Event "PRO League Group Stage"]
[Site "masterchessopen.com chess.com INT"]
[Date "2017.02.22"]
[Round "7"]
[White "Wang,Tianqi"]
[Black "Laylo,D"]
[Result "0-1"]
[WhiteElo "2199"]
[BlackElo "2445"]

1.Nf3 d5 2.c4 c6 3.e3 Nf6 4.b3 g6 5.Bb2 Bg7 6.Be2 O-O 7.O-O a5 8.a3 e6 9.d3
Nbd7 10.Nbd2 Re8 11.Qc2 Qe7 12.Rfd1 h6 13.Rac1 e5 14.cxd5 Nxd5 15.Qb1 g5
16.Bf1 g4 17.Ne1 Nf8 18.Nc4 Ng6 19.Qa1 h5 20.e4 Ndf4 21.Nb6 Rb8 22.Bc3 Be6
23.Qb2 h4 24.Nc4 Bxc4 25.bxc4 b5 26.cxb5 Rxb5 27.Qa1 g3 28.Nf3 gxf2+ 29.Kxf2
Ne6 30.Kg1 Ng5 31.Nxg5 Qxg5 32.Bd2 Nf4 33.Kh1 Re6 34.Be3 Rg6 35.Rc2 Qg4 36.Rf2
Bh6 37.a4 Nh3 38.axb5 Bxe3 39.Rf3 Qxf3 {#R} 0-1

[Event "PRO League Group Stage"]
[Site "masterchessopen.com chess.com INT"]
[Date "2017.02.22"]
[Round "7"]
[White "Harmon-Vellotti,Luke"]
[Black "Dreev,A"]
[Result "1-0"]
[WhiteElo "2454"]
[BlackElo "2651"]

1.e4 c6 2.d4 d5 3.Nc3 dxe4 4.Nxe4 Bf5 5.Ng3 Bg6 6.h4 h6 7.Nf3 Nd7 8.h5 Bh7
9.Bd3 Bxd3 10.Qxd3 e6 11.Bd2 Ngf6 12.O-O-O Be7 13.Kb1 c5 14.Ne4 Qc7 15.Nxf6+
Nxf6 16.Qb5+ Qd7 17.Qxd7+ Nxd7 18.dxc5 Bxc5 19.Bc3 Nf6 20.Bd4 Rc8 21.c3 Ke7
22.Ne5 Bxd4 23.Rxd4 Rhd8 24.Rhd1 Rxd4 25.Rxd4 Rc5 26.f4 Nd5 27.g3 f6 28.Nd3
Rc7 29.f5 b5 30.fxe6 Kxe6 31.a4 a6 32.Kc2 Ne3+ 33.Kb3 Nc4 34.Kb4 Nd6 35.Nc5+
Ke5 36.Nxa6 Rb7 37.Nc5 Ra7 38.axb5 f5 39.b6 {#r} 1-0

[Event "PRO League Group Stage"]
[Site "masterchessopen.com chess.com INT"]
[Date "2017.02.22"]
[Round "7"]
[White "Harmon-Vellotti,Luke"]
[Black "Kiewra,K"]
[Result "0-1"]
[WhiteElo "2454"]
[BlackElo "2429"]

1.e4 c5 2.Nf3 e6 3.d4 cxd4 4.Nxd4 Nc6 5.Nb5 d6 6.Bf4 e5 7.Be3 a6 8.N5c3 Nf6
9.Bg5 Be7 10.Bxf6 Bxf6 11.Nd5 O-O 12.c3 Bg5 13.Na3 f5 14.exf5 Bxf5 15.Be2 Kh8
16.O-O b5 17.Nc2 Rb8 18.Nce3 Be6 19.Bf3 Na5 20.b4 Bxe3 21.Nxe3 Nc4 22.Nxc4
Bxc4 23.Re1 Qf6 24.Qd2 d5 25.Bd1 Rbd8 26.Bc2 Rf7 27.Re3 Qh6 28.Qe1 e4 29.Bb3
Rdf8 30.Bxc4 bxc4 31.Re2 Rf5 32.Rd1 Qf6 33.a4 h6 34.Qd2 Rf3 35.h3 Rd3 36.Qe1
Qg5 37.Kh1 Qh5 38.Kg1 Rf5 39.Rxd3 cxd3 40.Re3 Qg5 41.Qd2 Rf8 42.Qb2 Rc8 43.b5
axb5 44.axb5 Qf6 45.b6 Rb8 46.Qb5 Qxb6 47.Qxd5 Rd8 48.Qh5 Qb1+ {#R} 0-1

[Event "PRO League Group Stage"]
[Site "masterchessopen.com chess.com INT"]
[Date "2017.02.22"]
[Round "7"]
[White "Mikhalevski,V"]
[Black "Ostrovskiy,And"]
[Result "1-0"]
[WhiteElo "2504"]
[BlackElo "2444"]

1.Nf3 Nf6 2.g3 e6 3.Bg2 d5 4.O-O Be7 5.c4 O-O 6.b3 b6 7.cxd5 exd5 8.Bb2 Bb7
9.d4 Nbd7 10.Nc3 Re8 11.Rc1 Bf8 12.Qc2 a6 13.Rfd1 Bd6 14.e3 Qe7 15.Nh4 g6
16.Nf3 Rac8 17.Ne1 Ne4 18.Nd3 h5 19.Nf4 Ndf6 20.Re1 h4 21.Bh3 Rcd8 22.Qe2 Nxc3
23.Bxc3 Bxf4 24.gxf4 Bc8 25.Bxc8 Rxc8 26.Qxa6 h3 27.Qf1 Qd7 28.f3 Qf5 29.Qf2
Nh7 30.Kh1 c5 31.dxc5 bxc5 32.Ba1 d4 33.exd4 Qxf4 34.dxc5 Ng5 35.Rf1 Rc6
36.Qd4 Qxd4 37.Bxd4 Re2 38.b4 Rxa2 39.b5 Re6 40.c6 Ree2 41.Bg1 {#r} 1-0

[Event "PRO League Group Stage"]
[Site "masterchessopen.com chess.com INT"]
[Date "2017.02.22"]
[Round "7"]
[White "Mikhalevski,V"]
[Black "Troff,Kayden W"]
[Result "0-1"]
[WhiteElo "2504"]
[BlackElo "2511"]

1.Nf3 Nf6 2.g3 g6 3.b3 Bg7 4.Bb2 O-O 5.Bg2 d5 6.c4 Nc6 7.d4 dxc4 8.bxc4 Na5
9.Nbd2 c5 10.dxc5 Qc7 11.O-O Rd8 12.Qa4 Bd7 13.Qa3 Nc6 14.Nb3 e5 15.Rfd1 Be6
16.Rd6 Bf8 17.Nxe5 Rxd6 18.Nxc6 Rxc6 19.Bxf6 Bh3 20.Qb2 Bxg2 21.Kxg2 Rxf6
22.Qxf6 Bg7 23.Qf3 Bxa1 24.Nxa1 Qxc5 25.Qxb7 Re8 26.e3 Qxc4 27.Nb3 Qe4+
28.Qxe4 Rxe4 29.Nd4 Re7 30.Kf3 Rb7 31.Nc6 a6 32.a4 Rb2 33.g4 Kf8 34.g5 Rb6
35.Nd4 Rb4 36.a5 Rc4 37.Ke4 Rc5 38.f4 Rxa5 39.h4 Rc5 40.Kd3 a5 41.Nb3 Rb5
42.Kc4 a4 43.Nd4 Rb2 44.Kc3 Rh2 45.Kb4 Ra2 46.f5 a3 47.fxg6 hxg6 48.Kb3 Ra1
49.Nc2 Rh1 50.Kxa3 Rxh4 {#R} 0-1

[Event "PRO League Group Stage"]
[Site "masterchessopen.com chess.com INT"]
[Date "2017.02.22"]
[Round "7"]
[White "Ghosh,D"]
[Black "Gorozhanin,M"]
[Result "1-0"]
[WhiteElo "2570"]
[BlackElo "2408"]

1.d4 d5 2.c4 e6 3.Nc3 c6 4.e3 f5 5.Bd3 Nf6 6.Nge2 Bd6 7.f3 O-O 8.Qc2 Kh8 9.O-O
Qe7 10.b3 Qf7 11.Bd2 dxc4 12.bxc4 Qh5 13.h3 Qh4 14.Be1 Qh6 15.Bd2 Qh4 16.Rab1
b6 17.e4 fxe4 18.Nxe4 Be7 19.Bg5 Qh5 20.Nxf6 Bxf6 21.Bxf6 Rxf6 22.Ng3 Qh6
23.Ne4 Rf8 24.c5 b5 25.Kh1 Nd7 26.a4 a6 27.Ra1 Rb8 28.Qf2 Qf4 29.Nd6 Nf6
30.Rfe1 Bd7 31.Kg1 Nd5 32.Re4 Qf6 33.Re5 Nf4 34.Be4 b4 35.Nc4 Be8 36.Nb6 Rd8
37.Re1 Bg6 38.h4 Bxe4 39.R1xe4 b3 40.Rg5 h6 41.Rg4 Nd3 42.Qe3 Nb4 43.Qxb3 a5
44.Qxe6 Qxe6 45.Rxe6 Rfe8 46.Rxe8+ Rxe8 47.Re4 Rd8 48.Kf2 Nc2 49.Nc4 Nxd4
50.Nd6 {#r} 1-0

[Event "PRO League Group Stage"]
[Site "masterchessopen.com chess.com INT"]
[Date "2017.02.22"]
[Round "7"]
[White "Warmerdam,Max"]
[Black "Rendle,T"]
[Result "0-1"]
[WhiteElo "2350"]
[BlackElo "2356"]

1.e4 e6 2.d4 d5 3.Nc3 Nf6 4.Bg5 Be7 5.e5 Nfd7 6.h4 Nc6 7.Qd2 Nb6 8.O-O-O h6
9.Bxe7 Qxe7 10.f4 Bd7 11.Nf3 O-O-O 12.h5 Kb8 13.Kb1 Rc8 14.Bd3 Nb4 15.Be2 Nc4
16.Qc1 c5 17.a3 cxd4 18.Nxd4 Na6 19.Rh3 Qc5 20.Nb3 Qb6 21.Rd4 Na5 22.Nxa5 Qxd4
23.Nb3 Qb6 24.Rg3 Rhg8 25.Qd2 Qf2 26.Rg4 f5 27.Rg6 Nc5 28.Nxc5 Rxc5 29.Nd1 Qg1
30.g4 fxg4 31.Rxg4 Qh2 32.Ne3 Qxh5 33.c4 Qh1+ 34.Ka2 Qe4 35.Bd3 Qf3 36.Be2 Qh1
37.Qd4 b6 38.cxd5 exd5 39.e6 Bc8 40.Rxg7 Rxg7 41.Qxg7 Qe4 42.e7 Rc7 43.Bg4
Rxe7 44.Qf8 Re8 45.Qd6+ Kb7 46.Nxd5 Qc4+ 47.Kb1 Re1+ {#R} 0-1

[Event "PRO League Group Stage"]
[Site "masterchessopen.com chess.com INT"]
[Date "2017.02.22"]
[Round "7"]
[White "Liou,Y"]
[Black "Raptis,N"]
[Result "1-0"]
[WhiteElo "2414"]
[BlackElo "2262"]

1.e4 c6 2.Nc3 d5 3.Nf3 Bg4 4.h3 Bxf3 5.Qxf3 e6 6.d3 Nd7 7.Qg3 Qb6 8.Be2 d4
9.Nb1 Ngf6 10.O-O g6 11.Nd2 Qc5 12.Nb3 Qb6 13.Bf4 c5 14.Bc7 Qa6 15.Nd2 Be7
16.Nc4 O-O 17.a4 Rac8 18.Bf4 Rfe8 19.h4 Bf8 20.h5 Bg7 21.hxg6 hxg6 22.Nd6 e5
23.Nxe8 exf4 24.Nxf6+ Nxf6 25.Qxf4 Re8 26.Bf3 c4 27.e5 Nd7 28.Bd5 Nxe5 29.dxc4
Kf8 30.Rae1 f5 31.b3 Qa5 32.Re2 Qc7 33.Rfe1 b6 34.Qg5 Qd6 35.Kf1 Rd8 36.Rxe5
Bxe5 37.Rxe5 Qxe5 38.Qxd8+ Kg7 39.g3 f4 40.Qd7+ Kh6 41.Qg4 fxg3 42.Qxg3 Qf5
43.Qd3 Qf4 44.Ke2 g5 45.Qh3+ Kg7 46.Qd7+ Kh6 47.Qe6+ Kg7 48.Be4 g4 49.Qg6+ Kf8
50.Qf5+ {#r} 1-0

[Event "PRO League Group Stage"]
[Site "masterchessopen.com chess.com INT"]
[Date "2017.02.22"]
[Round "7"]
[White "Kambrath,Y"]
[Black "Durarbayli,V"]
[Result "0-1"]
[WhiteElo "2358"]
[BlackElo "2616"]

1.d4 Nf6 2.c4 e6 3.Nf3 b6 4.a3 Ba6 5.e3 d5 6.b3 Bd6 7.Bb2 O-O 8.Nbd2 Nbd7
9.Bd3 c5 10.O-O Rc8 11.Re1 Qe7 12.Qe2 cxd4 13.exd4 Rfe8 14.Ne5 Bb7 15.f4 Nf8
16.Qf2 dxc4 17.bxc4 Red8 18.Ndf3 h6 19.h3 Nh5 20.g3 Nf6 21.Kh2 Ba8 22.g4 N6d7
23.g5 hxg5 24.fxg5 Bxf3 25.Qxf3 Bxe5+ 26.dxe5 Nc5 27.Bc2 Rd2+ 28.Re2 Qxg5
29.Rg1 Rxe2+ 30.Qxe2 Qf4+ 31.Kh1 Qh4 32.Kh2 Ng6 33.Rg4 Qh6 34.Qf2 Rd8 35.Bc3
Nd3 36.Qg3 Ndxe5 37.Bxe5 Rd2+ 38.Kg1 Rxc2 39.Bd4 Qc1+ {#R} 0-1

[Event "PRO League Group Stage"]
[Site "masterchessopen.com chess.com INT"]
[Date "2017.02.22"]
[Round "7"]
[White "Johannesson,I"]
[Black "Balogun,Oluwafemi"]
[Result "1-0"]
[WhiteElo "2377"]
[BlackElo "2222"]

1.c4 Nf6 2.g3 g6 3.Bg2 Bg7 4.Nf3 O-O 5.O-O d6 6.Nc3 c6 7.d3 a6 8.Nd2 e5 9.Rb1
d5 10.b4 Re8 11.a4 e4 12.dxe4 Ng4 13.Bb2 d4 14.Na2 d3 15.Bxg7 Kxg7 16.Nc1 dxe2
17.Qxe2 Be6 18.Nd3 h5 19.h3 Nf6 20.Nc5 Bc8 21.Rbd1 Nbd7 22.Nd3 a5 23.b5 Qe7
24.Rfe1 Ne5 25.Nxe5 Qxe5 26.Nf3 Qc5 27.e5 Kg8 28.exf6 Rxe2 29.Rd8+ Kh7 30.Rxe2
g5 31.Re5 Qxc4 32.Rxg5 {#r} 1-0

[Event "PRO League Group Stage"]
[Site "masterchessopen.com chess.com INT"]
[Date "2017.02.22"]
[Round "7"]
[White "Makoto,R"]
[Black "Kolosovsky,A"]
[Result "1-0"]
[WhiteElo "2403"]
[BlackElo "2074"]

1.Nf3 d5 2.c4 c6 3.g3 Nf6 4.Bg2 e6 5.O-O Be7 6.d4 O-O 7.Qc2 b6 8.Rd1 Bb7 9.Nc3
Nbd7 10.b3 a6 11.e4 dxc4 12.bxc4 c5 13.d5 Ng4 14.dxe6 fxe6 15.h3 Rxf3 16.Bxf3
Nge5 17.Bg2 Bf6 18.f4 Nxc4 19.e5 Bxg2 20.Qxg2 Be7 21.Qc6 Ra7 22.Qxe6+ Kh8
23.Qxc4 {#r} 1-0

[Event "Aeroflot Open A 2017"]
[Site "masterchessopen.com Moscow RUS"]
[Date "2017.02.23"]
[Round "3.9"]
[White "Najer,E"]
[Black "Alekseenko,K"]
[Result "1-0"]
[WhiteElo "2659"]
[BlackElo "2588"]

1.d4 Nf6 2.c4 e6 3.g3 c5 4.d5 exd5 5.cxd5 d6 6.Nc3 g6 7.Bg2 Bg7 8.Nf3 O-O
9.O-O Nbd7 10.Bf4 Qe7 11.a4 b6 12.Re1 Ng4 13.Bg5 Bf6 14.Bxf6 Qxf6 15.h3 Nge5
16.Nd2 Ba6 17.Nb5 Bxb5 18.axb5 g5 19.Qc2 Rfe8 20.Ra3 Ng6 21.e3 Nde5 22.Rea1 g4
23.Rxa7 Rxa7 24.Rxa7 h5 25.h4 Nf3+ 26.Nxf3 gxf3 27.Bh3 Re5 28.Qc4 Re8 29.Qc3
Re5 30.e4 Kg7 31.Ra8 Ne7 32.Ra4 Ng6 33.Kh2 Re8 34.Bd7 Rd8 35.Bf5 Ne5 36.Qe3
Qh6 37.Qf4 Nd3 38.Qxf3 Qd2 39.Kg1 Nxf2 40.Ra7 Nd3 41.Rxf7+ Kxf7 42.Qxh5+ Kg8
43.Qh7+ {#r} 1-0

[Event "Aeroflot Open A 2017"]
[Site "masterchessopen.com Moscow RUS"]
[Date "2017.02.23"]
[Round "3.13"]
[White "Iturrizaga,E"]
[Black "Moskalenko,A"]
[Result "1-0"]
[WhiteElo "2652"]
[BlackElo "2488"]

1.d4 Nf6 2.Nf3 e6 3.c4 d5 4.g3 dxc4 5.Bg2 Bd7 6.Ne5 Bc6 7.Nxc6 Nxc6 8.O-O Qd7
9.e3 Rd8 10.Qe2 e5 11.Nc3 Be7 12.Rd1 exd4 13.Qxc4 O-O 14.Bxc6 Qxc6 15.Qxc6
bxc6 16.Rxd4 Rxd4 17.exd4 Nd5 18.Bd2 Nxc3 19.Bxc3 Bd6 20.Ba5 Rb8 21.b4 Rb5
22.a3 Kf8 23.Rc1 Ke8 24.Rxc6 Kd7 25.Ra6 Kc8 26.a4 Rd5 27.b5 Rxd4 28.Bc3 Rd1+
29.Kg2 Bc5 30.Bxg7 Rd2 31.Rf6 Ra2 32.Rf4 h5 33.h4 Bb6 34.g4 hxg4 35.h5 g3
36.Kxg3 Ra1 37.Kg2 {#r} 1-0

[Event "Aeroflot Open A 2017"]
[Site "masterchessopen.com Moscow RUS"]
[Date "2017.02.23"]
[Round "3.17"]
[White "Lalith,B"]
[Black "Vitiugov,N"]
[Result "0-1"]
[WhiteElo "2584"]
[BlackElo "2724"]

1.d4 d5 2.Nf3 Nf6 3.c4 c6 4.Nc3 e6 5.g3 Nbd7 6.Bg2 dxc4 7.a4 Be7 8.O-O O-O
9.e4 b6 10.Qe2 Ba6 11.Bf4 Re8 12.Rfd1 Rc8 13.Nd2 Bb4 14.Nxc4 Bxc3 15.bxc3 c5
16.e5 Nd5 17.Rdc1 Nxf4 18.gxf4 Qh4 19.a5 bxa5 20.Rxa5 Bxc4 21.Qxc4 Qxf4 22.Rd1
Nxe5 23.Qe2 Ng6 24.Rxc5 Rxc5 25.dxc5 Qg5 26.c6 Nf4 27.Qf3 Nxg2 28.Qxg2 Qxg2+
29.Kxg2 Kf8 30.c7 Ke7 31.Ra1 Rc8 32.Rxa7 Kd7 33.Kf3 Rxc7 34.Ra3 Rc4 35.Rb3 Ke7
36.Kg2 h5 37.f3 g5 38.h3 Kf6 39.Kf2 Kg6 40.Ra3 f6 41.Rb3 Kf5 42.Ra3 e5 43.Rb3
g4 44.hxg4+ hxg4 45.fxg4+ Rxg4 46.Ke2 Rg3 47.Kd2 Kf4 48.Rb8 Rg2+ 49.Kd1 e4
50.c4 e3 {#R} 0-1

[Event "Aeroflot Open A 2017"]
[Site "masterchessopen.com Moscow RUS"]
[Date "2017.02.23"]
[Round "3.20"]
[White "Mamedov,Rau"]
[Black "Vakhidov,J"]
[Result "1-0"]
[WhiteElo "2688"]
[BlackElo "2561"]

1.e4 c5 2.Nf3 Nc6 3.Bb5 g6 4.O-O Bg7 5.Re1 Nf6 6.e5 Nd5 7.Nc3 Nc7 8.Bxc6 dxc6
9.Ne4 b6 10.Nf6+ Kf8 11.Ne4 Bg4 12.d3 Bh5 13.h3 Bxf3 14.Qxf3 h6 15.a4 a5
16.Nd2 Ne6 17.Nc4 Qc7 18.c3 Rd8 19.Qe4 Ng5 20.Qe2 Kg8 21.f4 Ne6 22.Qe4 Nf8
23.Be3 Nd7 24.e6 f5 25.Qf3 Nf8 26.Bf2 Bf6 27.Rac1 Rh7 28.Kh1 Rg7 29.b4 Rd5
30.b5 g5 31.bxc6 Rd8 32.fxg5 hxg5 33.Bg3 f4 34.Bf2 g4 35.hxg4 Nh7 36.d4 Ng5
37.Qd3 f3 38.Ne5 Bxe5 39.Rxe5 Qxc6 40.d5 Qxa4 41.c4 Rf8 42.Qc2 Qxc2 43.Rxc2
Rf4 44.d6 Rxg4 45.g3 Rh7+ 46.Kg1 Nh3+ 47.Kf1 Nxf2 48.d7 {#r} 1-0

[Event "Aeroflot Open A 2017"]
[Site "masterchessopen.com Moscow RUS"]
[Date "2017.02.23"]
[Round "3.24"]
[White "Narayanan,SL"]
[Black "Saric,Iv"]
[Result "1-0"]
[WhiteElo "2524"]
[BlackElo "2648"]

1.d4 Nf6 2.c4 e6 3.Nf3 Bb4+ 4.Nbd2 O-O 5.a3 Be7 6.e4 d5 7.e5 Nfd7 8.Bd3 c5
9.O-O a5 10.Re1 Nc6 11.Bc2 Re8 12.cxd5 exd5 13.h3 g6 14.dxc5 Nxc5 15.Nb3 Ne6
16.Be3 a4 17.Nbd4 Nexd4 18.Bxd4 Nxd4 19.Nxd4 Qb6 20.Bxa4 Rd8 21.Re2 Bc5 22.Nf3
d4 23.Bc2 d3 24.Bxd3 Bf5 25.Ne1 Rd5 26.Qb1 Rxd3 27.Nxd3 Rd8 28.Rd2 Qb5 29.a4
Qd7 30.b4 Bd4 31.Ra3 Bxe5 32.Qe1 Bc7 33.Rc3 Qd6 34.Ne5 Qxd2 35.Qxd2 Rxd2
36.Rxc7 f6 37.Ng4 Bxg4 38.hxg4 b6 39.Rc6 b5 40.a5 Rb2 41.Rc7 Rxb4 42.a6 {#r}
1-0

[Event "Aeroflot Open A 2017"]
[Site "masterchessopen.com Moscow RUS"]
[Date "2017.02.23"]
[Round "3.26"]
[White "Khismatullin,D"]
[Black "Kotronias,V"]
[Result "1-0"]
[WhiteElo "2639"]
[BlackElo "2524"]

1.d4 Nf6 2.c4 g6 3.Nf3 Bg7 4.g3 O-O 5.Bg2 d6 6.Nc3 Nbd7 7.O-O e5 8.e4 c6 9.h3
Qb6 10.c5 dxc5 11.dxe5 Ne8 12.Na4 Qa6 13.Be3 b6 14.e6 fxe6 15.Re1 Qb7 16.e5
Nc7 17.Qd2 Nd5 18.Bh6 Rxf3 19.Bxg7 Rf5 20.g4 Rf7 21.Bh6 Qc7 22.f4 Ba6 23.Rad1
c4 24.Kh1 Kh8 25.Nc3 Nc5 26.f5 gxf5 27.gxf5 Rxf5 28.Rg1 Nd3 29.Rdf1 Qf7 30.Ne4
Ne7 31.Bg5 Rxf1 32.Rxf1 Nf5 33.Bf6+ Kg8 34.Rg1 Kf8 35.Ng5 Qd7 36.Be4 h6 37.Nf3
Qh7 38.Qe2 Kf7 39.Nh4 Rg8 40.Qh5+ Kf8 41.Nxf5 Rxg1+ 42.Kxg1 exf5 43.Bxc6 {#r}
1-0

[Event "Aeroflot Open A 2017"]
[Site "masterchessopen.com Moscow RUS"]
[Date "2017.02.23"]
[Round "3.31"]
[White "Tabatabaei,M"]
[Black "Sethuraman,S"]
[Result "0-1"]
[WhiteElo "2507"]
[BlackElo "2623"]

1.d4 f5 2.Qd3 e6 3.g4 d5 4.Nf3 Nf6 5.Ne5 Nxg4 6.Nxg4 fxg4 7.h3 gxh3 8.Rxh3 Nc6
9.Bf4 Qf6 10.e3 Bd7 11.Nc3 O-O-O 12.Nb5 Bb4+ 13.c3 Ba5 14.a4 a6 15.b4 Bb6
16.a5 Nxa5 17.bxa5 Bxb5 18.Qxb5 axb5 19.axb6 c6 20.Rg3 Rhf8 21.Bd3 g6 22.Ra7
e5 23.dxe5 Qe7 24.Rh3 Rxf4 25.exf4 Kb8 26.Ke2 Rf8 {#R} 0-1

[Event "Aeroflot Open A 2017"]
[Site "masterchessopen.com Moscow RUS"]
[Date "2017.02.23"]
[Round "3.33"]
[White "Golubov,Saveliy"]
[Black "Kovalev,Vl"]
[Result "0-1"]
[WhiteElo "2492"]
[BlackElo "2598"]

1.d4 Nf6 2.Nf3 g6 3.Bg5 Bg7 4.Nbd2 O-O 5.e4 d6 6.c3 c5 7.dxc5 dxc5 8.Bc4 Nc6
9.O-O Qc7 10.Re1 h6 11.Bh4 Nh5 12.Qe2 Na5 13.Bb5 a6 14.Ba4 b5 15.Bc2 e5
16.Red1 Bg4 17.a4 c4 18.axb5 axb5 19.Bg3 Nb7 20.b4 Qb6 21.Nf1 Nf4 22.Bxf4 exf4
23.e5 Rxa1 24.Rxa1 Re8 25.Qe4 Bxf3 26.Qxf3 Bxe5 27.Re1 Nd6 28.Rd1 Qa6 29.g3
Qa8 30.Qxa8 Rxa8 31.Rd5 Re8 32.gxf4 Bxf4 33.Ne3 Re6 34.Kg2 Kf8 35.Kf3 Be5
36.Rc5 Bxc3 37.Nd5 Bd4 38.Rc6 Kg7 39.h3 h5 40.Rc7 Re5 41.Nf4 Nf5 {#R} 0-1